Comprehesive coordination & organometallic chemistry.

Saved in:
Bibliographic Details
Main Author: SINGH, Devender
Format: Book
Language:English
Published: Ane Books pvt. Ltd. 2019.
Tags: Add Tag
No Tags, Be the first to tag this record!

MARC

LEADER 00000nam a22000007a 4500
008 210913b ||||| |||| 00| 0 eng d
020 |a 9789386761422 
100 |a SINGH, Devender. 
245 |a Comprehesive coordination & organometallic chemistry.  |c D evender Singh,Raman Kuman Saini {et al...}  |g xiv,413p:ill. 
260 |b Ane Books pvt. Ltd.  |c 2019.  |d Book.  |h New Delhi  |i 697030  |i 697031  |l QD 412.S6  |m Cordination compounds- congresses  |m Organometalic chemistry- congresses 
500 |a " It includes bibliography". 
942 |a lcc  |c BK  |e Olagoke ,M.A.  |f 13/09/2021 
952 |0 0  |1 0  |2 lcc  |4 0  |7 0  |9 3547  |a HOL  |b SL  |c QZ  |d 2021-09-13  |o QD 412.S6  |p 2021-67277  |r 2021-09-13 00:00:00  |t 697031  |w 2021-09-13  |y BK 
952 |0 0  |1 0  |2 lcc  |4 0  |7 0  |9 3548  |a HOL  |b HOL  |c QZ  |d 2021-09-13  |o QD 412.S6  |p 2021-67278  |r 2021-09-13 00:00:00  |t 697030  |w 2021-09-13  |y BK 
999 |c 1757  |d 1757